Great dialogues of Plato : (Record no. 25827)
[ view plain ]
| 000 -LEADER | |
|---|---|
| fixed length control field | 01385cam a22003254a 4500 |
| 001 - CONTROL NUMBER | |
| control field | 15639228 |
| 003 - CONTROL NUMBER IDENTIFIER | |
| control field | OSt |
| 005 - DATE AND TIME OF LATEST TRANSACTION | |
| control field | 20221107040938.0 |
| 008 - FIXED-LENGTH DATA ELEMENTS--GENERAL INFORMATION | |
| fixed length control field | 090226r20081956nyua b 001 0 eng d |
| 010 ## - LIBRARY OF CONGRESS CONTROL NUMBER | |
| LC control number | 2009285732 |
| 020 ## - INTERNATIONAL STANDARD BOOK NUMBER | |
| International Standard Book Number | 0451530853 (pbk.) |
| 020 ## - INTERNATIONAL STANDARD BOOK NUMBER | |
| International Standard Book Number | 9780451530851 (pbk.) |
| 040 ## - CATALOGING SOURCE | |
| Original cataloging agency | MMU |
| Transcribing agency | MMU |
| Modifying agency | MMU |
| Language of cataloging | eng |
| 041 1# - LANGUAGE CODE | |
| Language code of text/sound track or separate title | eng |
| Language code of original | grc |
| 042 ## - AUTHENTICATION CODE | |
| Authentication code | lccopycat |
| 050 00 - LIBRARY OF CONGRESS CALL NUMBER | |
| Classification number | B358 |
| Item number | .R6 2008 |
| 082 00 - DEWEY DECIMAL CLASSIFICATION NUMBER | |
| Classification number | 184 |
| Edition number | 22 |
| 100 0# - MAIN ENTRY--PERSONAL NAME | |
| Personal name | Plato. |
| 240 10 - UNIFORM TITLE | |
| Uniform title | Dialogues. |
| Form subheading | Selections. |
| Language of a work | English |
| 245 10 - TITLE STATEMENT | |
| Title | Great dialogues of Plato : |
| Remainder of title | complete text of The republic, The apology, Crito, Phaedo, Ion, Meno, Symposium / |
| Statement of responsibility, etc. | translated by W.H.D. Rouse ; with a new introduction by Matthew S. Santirocco. |
| 260 ## - PUBLICATION, DISTRIBUTION, ETC. (IMPRINT) | |
| Place of publication, distribution, etc. | New York : |
| Name of publisher, distributor, etc. | Signet Classic, |
| Date of publication, distribution, etc. | 2008, c1956. |
| 300 ## - PHYSICAL DESCRIPTION | |
| Extent | xxiii, 630 p. : |
| Other physical details | ill. ; |
| Dimensions | 18 cm. |
| 500 ## - GENERAL NOTE | |
| General note | "For the 2008 edition, Signet Classics took the liberty of correcting some errors in the original Greek'--Editor's note. |
| 505 0# - FORMATTED CONTENTS NOTE | |
| Formatted contents note | Ion -- Meno (Menon) -- Symposium (The banquet) -- The republic -- The apology (The defence of Socrates) -- Crito (Criton) -- Phaedo (Phaidon) -- The Greek alphabet -- Pronouncing index. |
| 540 ## - TERMS GOVERNING USE AND REPRODUCTION NOTE | |
| Terms governing use and reproduction | Includes bibliographical references and index. |
| 650 #0 - SUBJECT ADDED ENTRY--TOPICAL TERM | |
| Topical term or geographic name as entry element | Philosophy, Ancient. |
| 700 1# - ADDED ENTRY--PERSONAL NAME | |
| Personal name | Rouse, W. H. D. |
| Fuller form of name | (William Henry Denham), |
| Dates associated with a name | 1863-1950. |
| 700 1# - ADDED ENTRY--PERSONAL NAME | |
| Personal name | Santirocco, Matthew S., |
| Dates associated with a name | 1950- |
| 942 ## - ADDED ENTRY ELEMENTS (KOHA) | |
| Source of classification or shelving scheme | Library of Congress Classification |
| Koha item type | L |
| Withdrawn status | Lost status | Source of classification or shelving scheme | Damaged status | Not for loan | Home library | Current library | Date acquired | Source of acquisition | Total Checkouts | Full call number | Barcode | Date last seen | Date last checked out | Price effective from | Koha item type |
|---|---|---|---|---|---|---|---|---|---|---|---|---|---|---|---|
| Library of Congress Classification | Maasai Mara University Library -Main Campus | Maasai Mara University Library -Main Campus | 03/23/2017 | Donation-T4C | 3 | B358.R6 2008 | 17029056 | 10/09/2018 | 09/26/2018 | 03/23/2017 | L | ||||
| Library of Congress Classification | Maasai Mara University Library -Main Campus | Maasai Mara University Library -Main Campus | 03/29/2017 | Donation- T4C | B358.R6 2008 | 17029898 | 03/29/2017 | 03/29/2017 | L | ||||||
| Library of Congress Classification | Maasai Mara University Library -Main Campus | Maasai Mara University Library -Main Campus | 04/03/2017 | Donation- T4C | B358.R6 2008 | 17030394 | 04/03/2017 | 04/03/2017 | L | ||||||
| Library of Congress Classification | Maasai Mara University Library -Main Campus | Maasai Mara University Library -Main Campus | 05/12/2017 | Donation-T4C | B358.R6 2008 | 17030827 | 05/12/2017 | 05/12/2017 | L |